Физико-химические основы разделения изотопов лития в условиях формирования границы раздела фаз: автореферат диссертации на соискание ученой степени кандидата химических наук; спец. 05.17.02

Detaylı Bibliyografya
Yazar: Андриенко О. С. Олег Семенович
Kurumsal yazarlar: Томский государственный университет (ТГУ) Сибирский физико-технический институт им. В. Д. Кузнецова (СФТИ), Российская академия наук (РАН) Сибирское отделение (СО) Институт оптики атмосферы им. В. Е. Зуева (ИОА)
Diğer Yazarlar: Казарян М. А. Мишик Айразатович (научный руководитель)
Özet:Заглавие с титульного экрана
Электронная версия печатной публикации
Dil:Rusça
Baskı/Yayın Bilgisi: Томск, 2009
Konular:
Online Erişim:http://www.lib.tpu.ru/fulltext/a/2009/43.pdf
Materyal Türü: Elektronik Kitap
KOHA link:https://koha.lib.tpu.ru/cgi-bin/koha/opac-detail.pl?biblionumber=157027

MARC

LEADER 00000nlm0a2200000 4500
001 157027
005 20231101221935.0
035 |a (RuTPU)RU\TPU\book\170310 
090 |a 157027 
100 |a 20090402d2009 k y0rusy50 ca 
101 0 |a rus 
102 |a RU 
105 |a a dm 001zy 
135 |a drbn ---uucaa 
181 0 |a i  
182 0 |a b 
200 1 |a Физико-химические основы разделения изотопов лития в условиях формирования границы раздела фаз  |b Электронный ресурс  |e автореферат диссертации на соискание ученой степени кандидата химических наук  |e спец. 05.17.02  |f О. С. Андриенко  |g Томский государственный университет (ТГУ), Сибирский физико-технический институт им. В. Д. Кузнецова (СФТИ) ; Российская академия наук (РАН), Сибирское отделение (СО), Институт оптики атмосферы им. В. Е. Зуева (ИОА) ; науч. рук. М. А. Казарян 
203 |a Текст  |c электронный 
210 |a Томск  |d 2009 
215 |a 1 файл (432 Kb) 
230 |a Электронные текстовые данные (1 файл : 432 Kb) 
300 |a Заглавие с титульного экрана 
300 |a Электронная версия печатной публикации 
337 |a Adobe Reader 
452 1 |0 (RuTPU)RU\TPU\book\169247  |t Физико-химические основы разделения изотопов лития в условиях формирования границы раздела фаз  |o автореферат диссертации на соискание ученой степени кандидата химических наук  |o спец. 05.17.02  |f О. С. Андриенко  |g Томский государственный университет (ТГУ), Сибирский физико-технический институт им. В. Д. Кузнецова (СФТИ) ; Российская академия наук (РАН), Сибирское отделение (СО), Институт оптики атмосферы им. В. Е. Зуева (ИОА) ; науч. рук. М. А. Казарян  |c Томск  |n Б.и.  |d 2009  |p 21 с.  |a Андриенко, Олег Семенович 
606 1 |a Литий, изотоп  |2 stltpush  |3 (RuTPU)RU\TPU\subj\40416  |9 60270 
610 1 |a изотопы 
610 1 |a разделение 
610 1 |a изотопические молекулы 
610 1 |a свойства 
610 1 |a получение 
610 1 |a вещества 
610 1 |a исследование 
610 1 |a фазовые переходы 
610 1 |a термодинамические аспекты 
610 1 |a кинетические аспекты 
610 1 |a селекция 
610 1 |a сольватация 
610 1 |a хлориды 
610 1 |a хлорид лития 
610 1 |a зонная перекристаллизация 
610 1 |a авторефераты диссертаций 
610 1 |a электронный ресурс 
675 |a 539.163:546.3(04)  |v 3 
686 |a 05.17.02  |2 oksvnk 
700 1 |a Андриенко  |b О. С.  |g Олег Семенович 
702 1 |a Казарян  |b М. А.  |g Мишик Айразатович  |4 727 
712 0 2 |a Томский государственный университет (ТГУ)  |b Сибирский физико-технический институт им. В. Д. Кузнецова (СФТИ)  |2 stltpush  |3 (RuTPU)RU\TPU\col\861 
712 0 2 |a Российская академия наук (РАН)  |b Сибирское отделение (СО)  |b Институт оптики атмосферы им. В. Е. Зуева (ИОА)  |c (Томск)  |2 stltpush  |3 (RuTPU)RU\TPU\col\318 
801 1 |a RU  |b 63413507  |c 20090402  |g PSBO 
801 2 |a RU  |b 63413507  |c 20100120  |g RCR 
856 4 |u http://www.lib.tpu.ru/fulltext/a/2009/43.pdf 
942 |c CF